Spoločenská zodpovednosť firiem - firemná investícia

Podstata spoločenskej zodpovednosti firiem, príbuzné pojmy. Oblasti prejavov zodpovedného podnikania firiem - ekonomická, sociálna, environmentálna. Výhody a prekážky spoločensky zodpovedného podnikania. Spoločensky zodpovedné podnikanie prináša pozitívne výsledky firmám aj spoločnosti. Možné prekáž...

Descrizione completa

Salvato in:
Dettagli Bibliografici
Autore principale: Majdúchová, Helena, 1963-
Natura: Capitolo di libro
Lingua:slovacco
Soggetti:
Tags: Aggiungi Tag
Nessun Tag, puoi essere il primo ad aggiungerne!!

MARC

LEADER 00000naa$a2200000$$$4500
001 0047295
005 20240502071539.6
041 0 |a slo 
044 |a SK 
245 1 0 |a Spoločenská zodpovednosť firiem - firemná investícia  |c Helena Majdúchová 
520 |a Podstata spoločenskej zodpovednosti firiem, príbuzné pojmy. Oblasti prejavov zodpovedného podnikania firiem - ekonomická, sociálna, environmentálna. Výhody a prekážky spoločensky zodpovedného podnikania. Spoločensky zodpovedné podnikanie prináša pozitívne výsledky firmám aj spoločnosti. Možné prekážky implementácie zodpovedného podnikania. 
610 2 0 |a firmy 
610 2 0 |a podnikanie 
610 2 0 |a prostredie podnikateľské 
610 2 0 |a zodpovednosť spoločenská 
610 2 0 |a etika podnikateľská 
100 1 |a Majdúchová, Helena, 1963-